| 000 | 00860 a2200217 4500 | ||
|---|---|---|---|
| 008 | 080822t xxu||||| |||| 00| 0 eng d | ||
| 010 | _aENG-85080 | ||
| 020 |
_a8188689483 _c695.00 |
||
| 035 | _aEN-68613 | ||
| 037 | _bD.B.Act / Pub | ||
| 082 | _a616.89 | ||
| 245 |
_aFoundations of clinical psychiatry _cedited by Sidney Bloch and Bruce S.Singh |
||
| 250 | _a2nd ed. | ||
| 260 |
_aNew Delhi _bOverseas Press India _c2006 |
||
| 270 |
_a7/28, Ansari Road, Darya Ganj _bNew Delhi _e110 002 _moverseas@de13.vsnl.nic.in |
||
| 300 |
_axii, 606p. _b23cm.(Pbk) |
||
| 500 | _aincludes index | ||
| 710 |
_aBloch, Sidney _bSingh, Bruce S. |
||
| 942 |
_adpl _cEN _k616.89 / FOU _2ddc _h616.89 _mFOU |
||
| 999 |
_c1195 _d1195 |
||